Score 0/10 Timer 04:00
5 Plays Today
% Correct
São Tomé and Príncipe
85.2%
Seychelles
82%
Cabo Verde
81.8%
Comoros
79%
Djibouti
73.6%
Mauritius
70.2%
Eswatini
65.4%
The Gambia
60.6%
Burundi
54.8%
Rwanda
47%
Remove Ads.
Support Sporcle.
Get the best of Sporcle when you Go Orange. This ad-free experience offers more features, more stats, and more fun while also helping to support Sporcle. Thank you for becoming a member.

You're not logged in!

Compare scores with friends on all Sporcle quizzes.
OR
Log In

Show Comments

Extras

Top Quizzes Today


Score Distribution

Your Account Isn't Verified!

In order to create a playlist on Sporcle, you need to verify the email address you used during registration. Go to your Sporcle Settings to finish the process.

Report this User

Report this user for behavior that violates our Community Guidelines.

Details: